Methodes numeriques en mathematiques appliquees : [compte rendu des exposes faits a la quatorzieme session du Seminaire de mathematiques superieures du Departement de mathematiques de l'Universite de Montreal, tenue du 16 juin au 11 juillet 1975] : textes des exposes /

Bibliographic Details
Other Authors: Auchmuty, J. F. Giles
Format: Book
Language:French
English
Published: Montreal : Les Presses de l'Universite de Montreal, 1977.
Series:Séminaire de mathématiques supérieures ; 60.
Subjects:

MARC

Tag First Indicator Second Indicator Subfields
LEADER 00000cam a2200000 a 4500
001 in00000074582
005 20151008053605.0
008 780626s1977 quca b 00000 frem
010 |a  78351461  
015 |a C*** 
020 |a 084050361X 
035 |a (OCoLC)04132963 
035 |9 AAH7942AM 
040 |a DLC  |c DLC  |d TXA  |d UtOrBLW 
041 0 |a fre  |a eng 
049 |a TXAM  |c [800302] 
050 0 0 |a QA279  |b .M43 
082 0 |a 519.4 
245 0 0 |a Methodes numeriques en mathematiques appliquees :  |b [compte rendu des exposes faits a la quatorzieme session du Seminaire de mathematiques superieures du Departement de mathematiques de l'Universite de Montreal, tenue du 16 juin au 11 juillet 1975] : textes des exposes /  |c de J.F.G. Auchmuty [and others]. 
264 1 |a Montreal :  |b Les Presses de l'Universite de Montreal,  |c 1977. 
300 |a 206 pages :  |b illustrations ;  |c 28 cm. 
336 |a text  |b txt  |2 rdacontent 
337 |a unmediated  |b n  |2 rdamedia 
338 |a volume  |b nc  |2 rdacarrier 
490 1 |a Séminaire de mathématiques supérieures ;  |v 60 
500 |a French or English. 
504 |a Includes bibliographies. 
650 0 |a Numerical analysis. 
700 1 |a Auchmuty, J. F. Giles. 
830 0 |a Séminaire de mathématiques supérieures ;  |v 60. 
999 |a MARS 
999 f f |s c091992b-e609-3041-8667-9ea917dbc48f  |i ec0c1d41-1a97-3a0f-8a80-c84c52672400  |t 0 
952 f f |p ric  |a Texas A&M University  |b Rellis Campus  |c Joint Library Facility  |d Remote Storage  |t 0  |e QA279 .M43  |h Library of Congress classification  |i unmediated -- volume  |m A14806204293 
998 f f |a QA279 .M43  |t 0  |l Remote Storage